Eastern Utah Libraries Catalog: Duchesne, Heber, Roosevelt, & Vernal

House of two pharaohs / (Record no. 412310)

MARC details
000 -LEADER
fixed length control field 02032cam a22004093i 4500
001 - CONTROL NUMBER
control field on1492451417
003 - CONTROL NUMBER IDENTIFIER
control field OCoLC
005 - DATE AND TIME OF LATEST TRANSACTION
control field 20251007094719.0
008 - FIXED-LENGTH DATA ELEMENTS--GENERAL INFORMATION
fixed length control field 250205s2025 xxkb e 000 1 eng d
020 ## - INTERNATIONAL STANDARD BOOK NUMBER
International Standard Book Number 178512496X
020 ## - INTERNATIONAL STANDARD BOOK NUMBER
International Standard Book Number 9781785124969
Qualifying information hardcover
035 ## - SYSTEM CONTROL NUMBER
System control number (OCoLC)1492451417
040 ## - CATALOGING SOURCE
Original cataloging agency YDX
Language of cataloging eng
Transcribing agency YDX
Modifying agency BDX
-- OCLCQ
-- IG#
-- HQD
-- RNL
Description conventions rda
050 #4 - LIBRARY OF CONGRESS CALL NUMBER
Classification number PR9405.9.S5
Item number H68 2025
092 ## - LOCALLY ASSIGNED DEWEY CALL NUMBER (OCLC)
Classification number fiction
Item number Smith, Wilbur A.
100 1# - MAIN ENTRY--PERSONAL NAME
Personal name Smith, Wilbur A.,
Relator term author.
9 (RLIN) 8089
245 10 - TITLE STATEMENT
Title House of two pharaohs /
Statement of responsibility, etc Wilbur Smith ; with Mark Chadbourn
264 #1 - Production, Publication, Distribution, Manufacture, and Copyright Notice.
Place of production, publication, distribution, manufacture London :
Name of producer, publisher, distributor, manufacturer Zaffre,
Date of production, publication, distribution, manufacture, or copyr 2025.
300 ## - PHYSICAL DESCRIPTION
Extent 348 pages :
Other physical details map ;
Dimensions 24 cm.
336 ## - Content Type
Content type term text
337 ## - Media type
Media type term unmediated
338 ## - Carrier type
Carrier type term volume
490 0# - SERIES STATEMENT
Series statement Egyptian series ;
Volume number/sequential designation 10
520 ## - SUMMARY, ETC.
Summary, etc "Since becoming Nomarc, Piay has thrown himself into pulling the city of Memphis back from the brink. The once starving inhabitants have been fed, a new school for Royal Princes and the sons of aristocrats has been established, and Piay has been recovering the many riches looted by the Hyksos. But when the heavily-guarded vault is found locked with the body of a murdered scribe inside--the mark of Anubis, god of death scrawled in his own blood--panic sweeps the city. Only the wisest man in all Egypt can solve this mystery: Piay's mentor, the great Mage Taita"--
600 00 - SUBJECT ADDED ENTRY--PERSONAL NAME
Personal name Taita
Titles and other words associated with a name (Fictitious character from Smith)
Form subdivision Fiction.
9 (RLIN) 6553225
650 #0 - SUBJECT ADDED ENTRY--TOPICAL TERM
Topical term or geographic name as entry element Antiquities
General subdivision Collection and preservation
Form subdivision Fiction.
9 (RLIN) 6404982
650 #0 - SUBJECT ADDED ENTRY--TOPICAL TERM
Topical term or geographic name as entry element Pharaohs
Form subdivision Fiction.
9 (RLIN) 5808047
650 #0 - SUBJECT ADDED ENTRY--TOPICAL TERM
Topical term or geographic name as entry element Hyksos
Form subdivision Fiction.
9 (RLIN) 6434478
650 #0 - SUBJECT ADDED ENTRY--TOPICAL TERM
Topical term or geographic name as entry element Gods
Form subdivision Fiction.
9 (RLIN) 5700503
651 #0 - SUBJECT ADDED ENTRY--GEOGRAPHIC NAME
Geographic name Egypt
General subdivision Antiquities
-- Collection and preservation
Form subdivision Fiction.
9 (RLIN) 6551630
651 #0 - SUBJECT ADDED ENTRY--GEOGRAPHIC NAME
Geographic name Memphis (Extinct city)
Form subdivision Fiction.
9 (RLIN) 6553226
655 #7 - INDEX TERM--GENRE/FORM
Genre/form data or focus term Action and adventure fiction.
Source of term lcgft
655 #7 - INDEX TERM--GENRE/FORM
Genre/form data or focus term Historical fiction.
Source of term lcgft
700 1# - ADDED ENTRY--PERSONAL NAME
Personal name Chadbourn, Mark,
Relator term author.
9 (RLIN) 6426717
800 1# - SERIES ADDED ENTRY--PERSONAL NAME
Personal name Smith, Wilbur A.
Title of a work Egyptian series ;
Volume/sequential designation 10.
9 (RLIN) 6426718
942 ## - ADDED ENTRY ELEMENTS (KOHA)
Source of classification or shelving scheme Dewey Decimal Classification
Koha item type BOOK
Holdings
Withdrawn status Lost status Source of classification or shelving scheme Damaged status Not for loan Collection code Home library Current library Shelving location Date acquired Source of acquisition Serial Enumeration / chronology Total Checkouts Total Renewals Full call number Barcode Date last seen Date checked out Cost, replacement price Price effective from Koha item type
    Dewey Decimal Classification     Fiction Wasatch County Library Wasatch County Library First Floor 10/07/2025 Ingram #10 Egyptian Series 5 1 F Smith 34301002102475 02/02/2026 01/22/2026 28.99 10/07/2025 BOOK
This project was made possible through a grant from the Institute of Museum and Library Service administered by the Utah State Library Division.

Wasatch County Library

  • 465 East 1200 South, Heber City, Utah 84032
  • Phone 435-654-1511 | Fax 435-654-6456

Hours

  • Monday - Friday 9:30 AM - 8:00 PM
  • Saturday 9:30 AM - 1:30 PM
  • Closed Sundays and Holidays